000 00285nam a22001337a 4500
003 SGT
020 _a9788123906140
082 _a615.19
_bVYA
100 _aVYAS S.P
245 _aPHARMACEUTICAL BIOTECHNOLOGY
260 _aINDIA
_bCBS PUB
_c2026
300 _a674
942 _2ddc
_cBK
999 _c34462
_d34462